000 00351nam a2200145Ia 4500
008 230917s9999||||xx |||||||||||||| ||und||
040 _e183837
_aMAIN
041 _aEnglish
082 _a327.54073 D535I
100 _aDharam Singh
245 0 _aIndo-US relations during Clinton administration
260 _c2010
300 _a197 p.
942 _cTH
999 _c125473
_d125473